000 00364nam a2200145 i 4500
001 46937
003 ES-MaACL
005 20230906161455.0
007 t|
008 030402q19001999sp ||||1| spa d
245 0 0 _aConstitución de los Estados Unidos.
260 _a[S.l. :
_bs.n.,
_c19--?]
300 _a40 p. ;
_c18 cm.
852 _aES-MaACL
_j2041-F-15
_bR.60568
999 _c46937
_d46937